[Event "DEM U10/U10w 2004"]
[Site "Willingen GER"]
[Date "2004.06.02"]
[Round "7"]
[White "Marquardt, Patrick"]
[Black "Spangenberg, Romy"]
[Result "1-0"]
[Termination "normal"]
[Board "18"]
[WhiteElo "1269"]
[BlackElo "1119"]
[PlyCount "131"]
[WhiteFideId "4670086"]
[BlackFideId "4627997"]
[EventCountry "GER"]
[EventRounds "11"]
[EventType "swiss"]
[EventDate "2004.05.29"]

1. d4 d5 2. c4 e6 3. Nc3 Nf6 4. Bg5 Nbd7 5. e3 Be7 6. Nf3 b6 7. Rc1 c5 8. Bd3
Bb7 9. O-O Ba6 10. b3 Bb7 11. Nd2 a6 12. Qc2 h6 13. Bh4 O-O 14. f4 Qc7 15. Nf3
Qc6 16. Ne5 Qc7 17. Na4 Rfe8 18. Bxf6 Nxf6 19. Kh1 Nd7 20. Nxd7 Qxd7 21. Nxb6
Qc6 22. Nxa8 cxd4 23. cxd5 Qxc2 24. Rxc2 Bxa8 25. dxe6 dxe3 26. exf7+ Kxf7 27.
Re1 Bb4 28. Ree2 Kf8 29. Bxa6 Be4 30. Rc8 Rxc8 31. Bxc8 Bd2 32. Ba6 Bb1 33. a3
Bf5 34. h3 Ke7 35. b4 Kd6 36. Bc4 Kc6 37. Kg1 Kb6 38. Kf1 Bd7 39. Rxd2 exd2 40.
Ke2 g6 41. Kxd2 g5 42. fxg5 hxg5 43. Kd3 Ba4 44. Kc3 Kc6 45. b5+ Bxb5 46. Bxb5+
Kxb5 47. Kd4 Ka4 48. Ke5 Kxa3 49. Kf5 Kb4 50. Kxg5 Kc5 51. h4 Kd6 52. Kf6 Kd5
53. h5 Ke4 54. h6 Kd4 55. h7 Kd5 56. h8=Q Kd4 57. Ke6+ Ke4 58. Qh4+ Kd3 59. Kd5
Ke3 60. Qe4+ Kf2 61. Ke5 Kg1 62. Qe2 Kh2 63. Kf4 Kg1 64. g4 Kh1 65. Kg3 Kg1 66.
Qe1# 1-0

[Event "DEM U10/U10w 2004"]
[Site "Willingen GER"]
[Date "2004.06.02"]
[Round "7"]
[White "Große, Christian"]
[Black "Schmitz, Stefan"]
[Result "0-1"]
[Termination "normal"]
[Board "19"]
[WhiteElo "1119"]
[BlackElo "1328"]
[PlyCount "62"]
[WhiteFideId "24646156"]
[BlackFideId "4625730"]
[EventCountry "GER"]
[EventRounds "11"]
[EventType "swiss"]
[EventDate "2004.05.29"]

1. c4 e5 2. Nc3 Nf6 3. g3 d5 4. cxd5 Nxd5 5. Bg2 Be6 6. Nf3 Nc6 7. O-O g5 8. d4
g4 9. Nxe5 Nxe5 10. dxe5 Nxc3 11. bxc3 Qe7 12. Bxb7 Rd8 13. Qc2 h5 14. Be3 Bg7
15. Bxa7 Bxe5 16. a4 h4 17. a5 f5 18. a6 Qh7 19. e3 hxg3 20. f4 gxf3 21. Rxf3
Qxh2+ 22. Qxh2 Rxh2 23. Bd4 g2 24. Bxe5 Rh1+ 25. Kxg2 Rxa1 26. Bxc7 Rd2+ 27.
Kg3 Kf7 28. Bb6 Kf6 29. a7 Rg1+ 30. Kh4 Rh2+ 31. Rh3 Rg4+ 0-1

[Event "DEM U10/U10w 2004"]
[Site "Willingen GER"]
[Date "2004.06.02"]
[Round "7"]
[White "Strohmann, Marc"]
[Black "Bashylin, Seva"]
[Result "0-1"]
[Termination "normal"]
[Board "20"]
[WhiteElo "1248"]
[BlackElo "1143"]
[PlyCount "70"]
[BlackFideId "24688045"]
[EventCountry "GER"]
[EventRounds "11"]
[EventType "swiss"]
[EventDate "2004.05.29"]

1. f4 d5 2. Nf3 Nf6 3. e3 Bf5 4. b3 h6 5. Bb2 e6 6. Bb5+ c6 7. Be2 Be7 8. O-O
O-O 9. d3 Nbd7 10. Qe1 Qb6 11. Nd4 Bh7 12. Qg3 c5 13. Nf3 a5 14. Nbd2 Rac8 15.
c4 a4 16. Rac1 axb3 17. axb3 dxc4 18. dxc4 Rfd8 19. Rc3 Ne8 20. Ba1 Ra8 21. Bd3
Bxd3 22. Rxd3 Ra7 23. Nh4 Bf6 24. Bxf6 Ndxf6 25. Rxd8 Qxd8 26. Nhf3 Qd3 27. Qe1
Ng4 28. e4 Nc7 29. e5 b5 30. cxb5 Nxb5 31. g3 Nd4 32. Nxd4 Qxd4+ 33. Kh1 Ra2
34. Nf3 Qb2 35. h3 Qg2# 0-1

[Event "DEM U10/U10w 2004"]
[Site "Willingen GER"]
[Date "2004.06.02"]
[Round "7"]
[White "Mirke, Roy"]
[Black "Korman, Jewgenija"]
[Result "1-0"]
[Termination "normal"]
[Board "21"]
[WhiteElo "1227"]
[BlackElo "1136"]
[PlyCount "185"]
[WhiteFideId "24647306"]
[BlackFideId "24606669"]
[EventCountry "GER"]
[EventRounds "11"]
[EventType "swiss"]
[EventDate "2004.05.29"]

1. d4 d5 2. Nf3 Nc6 3. e3 Nf6 4. Bd3 Bg4 5. Nbd2 e5 6. dxe5 Nxe5 7. Be2 Bc5 8.
Nxe5 Bxe2 9. Qxe2 O-O 10. O-O Qe8 11. Ndf3 Bd6 12. Nd3 c5 13. c3 Ne4 14. Bd2
Qb5 15. Rab1 Bc7 16. Rfe1 Rfe8 17. Nc1 Qc6 18. Nb3 Qd6 19. Rbd1 Ng5 20. h3 a5
21. a4 Ne6 22. Bc1 c4 23. Nbd4 Bb8 24. Nb5 Qd7 25. Qxc4 Rd8 26. Qe2 Nc7 27.
Nxc7 Qxc7 28. Qc2 Ra6 29. e4 d4 30. Rd2 Rc6 31. Qd1 h6 32. Rxd4 Rdd6 33. Rxd6
Rxd6 34. Qc2 Rg6 35. Be3 Qd6 36. Rd1 Qf6 37. Qe2 Bc7 38. Rd2 Qe6 39. Kh1 Qxe4
40. Qd3 Qxa4 41. Qd7 Qc4 42. Qd3 Qe6 43. Re2 Qc6 44. Bd2 Rd6 45. Qe4 Qb6 46.
Be3 Qb5 47. Qc2 Re6 48. Nd4 Qe5 49. Nf3 Qd6 50. Bd4 Rg6 51. Be5 Qc6 52. Bxc7
Qxc7 53. Re8+ Kh7 54. Ne5 Qd6 55. Nxg6 fxg6 56. Re3 b5 57. Qd3 Qc5 58. Qd4 Qf8
59. Re5 a4 60. Rxb5 a3 61. bxa3 Qxa3 62. c4 Qe7 63. c5 Qe1+ 64. Kh2 Qe7 65. c6
Qc7+ 66. Kh1 Qxc6 67. Qc5 Qe6 68. Rb6 Qe1+ 69. Kh2 Qe8 70. Qc6 Qf7 71. Qc2 Qf4+
72. g3 Qf7 73. Qe2 Qf5 74. Rb3 Qd5 75. Rd3 Qc6 76. Qf3 Qxf3 77. Rxf3 h5 78. g4
h4 79. Rf8 g5 80. f4 gxf4 81. Rxf4 g5 82. Rf5 Kg6 83. Kg2 Kh6 84. Kf3 Kg7 85.
Rxg5+ Kf6 86. Kf4 Ke6 87. Rh5 Kd6 88. g5 Ke6 89. Rxh4 Kf7 90. Rg4 Kg6 91. h4
Kh5 92. g6 Kh6 93. g7 1-0

[Event "DEM U10/U10w 2004"]
[Site "Willingen GER"]
[Date "2004.06.02"]
[Round "7"]
[White "Dauer, Maximilian"]
[Black "Ohnesorg, Felix"]
[Result "1/2-1/2"]
[Termination "normal"]
[Board "22"]
[WhiteElo "1124"]
[BlackElo "1226"]
[PlyCount "57"]
[BlackFideId "24653578"]
[EventCountry "GER"]
[EventRounds "11"]
[EventType "swiss"]
[EventDate "2004.05.29"]

1. e4 c5 2. Nc3 Nc6 3. g3 Nf6 4. Bg2 e6 5. d3 h6 6. f4 d6 7. Nf3 Nd7 8. O-O Be7
9. h3 O-O 10. g4 b6 11. Ne2 Bb7 12. Ng3 Bh4 13. Ne2 Re8 14. f5 e5 15. Be3 Nd4
16. Nexd4 cxd4 17. Nxh4 Qxh4 18. Bf2 Qd8 19. h4 Rc8 20. Qd2 Qc7 21. Rac1 a5 22.
g5 hxg5 23. hxg5 Qd8 24. Bh4 Kf8 25. f6 g6 26. Bh3 d5 27. Qe2 Ra8 28. Bg4 dxe4
29. dxe4 1/2-1/2

[Event "DEM U10/U10w 2004"]
[Site "Willingen GER"]
[Date "2004.06.02"]
[Round "7"]
[White "Stark, Saskia"]
[Black "Kühnel, Lena"]
[Result "1-0"]
[Termination "normal"]
[Board "23"]
[WhiteElo "1226"]
[BlackElo "1104"]
[PlyCount "141"]
[WhiteFideId "4601050"]
[BlackFideId "24640956"]
[EventCountry "GER"]
[EventRounds "11"]
[EventType "swiss"]
[EventDate "2004.05.29"]

1. e4 e5 2. Nf3 Nc6 3. d4 exd4 4. Nxd4 Nf6 5. Nxc6 bxc6 6. Bd3 d5 7. exd5 cxd5
8. O-O g6 9. Nc3 c6 10. Re1+ Be6 11. f4 Bg7 12. f5 gxf5 13. Bxf5 Qd6 14. Bxe6
fxe6 15. Qe2 Kd7 16. Qa6 c5 17. Qb7+ Qc7 18. Qxc7+ Kxc7 19. Rxe6 Rae8 20. Rxe8
Rxe8 21. Bf4+ Kc6 22. Kf1 d4 23. Ne2 Nd5 24. g3 Nxf4 25. Nxf4 c4 26. Re1 Rxe1+
27. Kxe1 Kd6 28. b3 c3 29. Ke2 Ke5 30. Kd3 Bh6 31. Ne2 Bd2 32. Nxd4 Kd5 33. Nf3
Bh6 34. Kxc3 Bg7+ 35. Kd3 Kc5 36. Ng5 Bd4 37. Nxh7 Bg1 38. h3 Bf2 39. g4 a6 40.
g5 Bd4 41. h4 a5 42. a4 Bf2 43. h5 Bd4 44. g6 Bg7 45. Ng5 Kd5 46. Nf7 Ke6 47.
c4 Kf6 48. c5 Bf8 49. c6 Ke7 50. Kc4 Bg7 51. Kb5 Bf8 52. h6 Kf6 53. h7 Bg7 54.
h8=Q Bxh8 55. Nxh8 Kg7 56. c7 Kxh8 57. c8=Q+ Kg7 58. Kxa5 Kh6 59. b4 Kxg6 60.
b5 Kf6 61. b6 Ke5 62. b7 Kd5 63. b8=R Kd6 64. Qa6+ Kc5 65. Qh6 Kc4 66. Rg8 Kd4
67. Qh4+ Ke5 68. Rg5+ Kf6 69. Qh6+ Kf7 70. Rg7+ Kf8 71. Qh8# 1-0

[Event "DEM U10/U10w 2004"]
[Site "Willingen GER"]
[Date "2004.06.02"]
[Round "7"]
[White "Lebeda, Timo"]
[Black "Liptak, Patrick"]
[Result "1-0"]
[Termination "normal"]
[Board "24"]
[WhiteElo "1205"]
[BlackElo "1085"]
[PlyCount "61"]
[WhiteFideId "4638565"]
[EventCountry "GER"]
[EventRounds "11"]
[EventType "swiss"]
[EventDate "2004.05.29"]

1. e4 c5 2. Nf3 d6 3. d4 cxd4 4. Nxd4 Nf6 5. Nc3 g6 6. Be3 Bg7 7. Bc4 O-O 8. f3
Nc6 9. O-O Bd7 10. Qd2 Nxd4 11. Bxd4 Rc8 12. Bb3 a5 13. a4 Rb8 14. Bc4 Qc7 15.
Bb5 Bxb5 16. Nxb5 Qc4 17. Bb6 Rbc8 18. Rfc1 Qb4 19. c3 Qc4 20. Bxa5 Qc5+ 21.
Kh1 b6 22. Bb4 Qc4 23. Bxd6 exd6 24. Nxd6 Qc6 25. Nxc8 Rxc8 26. Rd1 Ne8 27. Qd7
Qxd7 28. Rxd7 Nf6 29. Rd6 Rb8 30. Rad1 Bh6 31. Rxf6 1-0

[Event "DEM U10/U10w 2004"]
[Site "Willingen GER"]
[Date "2004.06.02"]
[Round "7"]
[White "Bialas, Daniel"]
[Black "Bluma, Marcel"]
[Result "1-0"]
[Termination "normal"]
[Board "25"]
[WhiteElo "982"]
[BlackElo "1173"]
[PlyCount "95"]
[BlackFideId "1270526"]
[EventCountry "GER"]
[EventRounds "11"]
[EventType "swiss"]
[EventDate "2004.05.29"]

1. e4 e5 2. Nf3 Nc6 3. d4 d6 4. dxe5 dxe5 5. Qxd8+ Nxd8 6. Nxe5 Nf6 7. Nc3 Bb4
8. Bd3 O-O 9. Bg5 Nd7 10. Nxd7 Bxd7 11. Bxd8 Raxd8 12. O-O Rfe8 13. a3 Bxc3 14.
bxc3 Re6 15. Rad1 Bc6 16. f3 Red6 17. Be2 Ba4 18. e5 Rxd1 19. Rxd1 Rxd1+ 20.
Bxd1 Kf8 21. Kf2 Ke7 22. Ke3 Ke6 23. Kd4 b6 24. c4 c5+ 25. Ke4 g5 26. f4 Bc6+
27. Ke3 Bxg2 28. Bg4+ f5 29. Bf3 Bf1 30. Bd5+ Ke7 31. fxg5 b5 32. cxb5 Bxb5 33.
Kf4 Bd7 34. h4 Be6 35. Bxe6 Kxe6 36. c4 a6 37. a4 a5 38. h5 Kf7 39. Kxf5 Kg8
40. Kf6 h6 41. g6 Kf8 42. e6 Ke8 43. g7 Kd8 44. g8=Q+ Kc7 45. Qf7+ Kc6 46. e7
Kd6 47. e8=R Kc6 48. Re6# 1-0

[Event "DEM U10/U10w 2004"]
[Site "Willingen GER"]
[Date "2004.06.02"]
[Round "7"]
[White "Lebek, Ricarda"]
[Black "Döll, Laurin"]
[Result "0-1"]
[Termination "normal"]
[Board "26"]
[WhiteElo "914"]
[BlackElo "1171"]
[PlyCount "102"]
[WhiteFideId "4624688"]
[EventCountry "GER"]
[EventRounds "11"]
[EventType "swiss"]
[EventDate "2004.05.29"]

1. e4 e5 2. Nf3 Nc6 3. d4 exd4 4. Nxd4 Qh4 5. Nf3 Qxe4+ 6. Be3 Bc5 7. Bd3 Qe7
8. Qd2 Bxe3 9. fxe3 Nf6 10. O-O d6 11. Nc3 Bd7 12. Rae1 O-O-O 13. Bc4 Ne5 14.
Bb3 Bc6 15. Nd5 Nxd5 16. Bxd5 Bb5 17. Rf2 Ng4 18. c4 Nxf2 19. cxb5 Ng4 20. Qd4
Nf6 21. Kf2 Nxd5 22. Qxd5 Qe6 23. Qd4 Qxa2 24. Qxg7 Qd5 25. Rb1 Qf5 26. Qc3
Qxb1 27. Ng5 Qf5+ 28. Nf3 Qxb5 29. Qf6 Rhg8 30. h4 Rg6 31. Qf4 Qxb2+ 32. Kf1
Qxg2+ 33. Ke1 Qg3+ 34. Qxg3 Rxg3 35. Ke2 a5 36. Nd2 Rg2+ 37. Kd3 Rxd2+ 38. Kxd2
b5 39. Kc3 c5 40. Kb3 d5 41. Kc3 a4 42. Kb2 b4 43. Ka2 b3+ 44. Ka3 d4 45. exd4
Rxd4 46. h5 Rd2 47. Kxa4 b2 48. Kb5 b1=Q+ 49. Kxc5 Qc1+ 50. Kb5 Rb2+ 51. Ka4
Qa1# 0-1

[Event "DEM U10/U10w 2004"]
[Site "Willingen GER"]
[Date "2004.06.02"]
[Round "7"]
[White "Rosenkranz, Christian"]
[Black "Düssler, Stefanie"]
[Result "1/2-1/2"]
[Termination "normal"]
[Board "27"]
[WhiteElo "1152"]
[BlackElo "903"]
[PlyCount "65"]
[WhiteFideId "24674494"]
[BlackFideId "4634780"]
[EventCountry "GER"]
[EventRounds "11"]
[EventType "swiss"]
[EventDate "2004.05.29"]

1. e4 e5 2. Nf3 Nf6 3. Nxe5 d6 4. Nf3 Nxe4 5. Qe2 Qe7 6. d3 Nf6 7. Qxe7+ Bxe7
8. Be2 O-O 9. O-O Be6 10. Nc3 Nbd7 11. b3 Rad8 12. Bb2 c6 13. d4 d5 14. Bd3 Bd6
15. g3 Rfe8 16. Rfe1 b6 17. Rad1 Bg4 18. Be2 Bb4 19. a3 Bxc3 20. Bxc3 Re7 21.
Kg2 Rde8 22. h3 Bxh3+ 23. Kxh3 Rxe2 24. Rxe2 Rxe2 25. Rd2 Re7 26. Ne5 Nxe5 27.
dxe5 Nd7 28. Re2 f6 29. f4 c5 30. Re1 Kf7 31. exf6 gxf6 32. Rxe7+ Kxe7 33. g4
1/2-1/2

[Event "DEM U10/U10w 2004"]
[Site "Willingen GER"]
[Date "2004.06.02"]
[Round "7"]
[White "Malici, Nora"]
[Black "Göbel, Constantin"]
[Result "0-1"]
[Termination "normal"]
[Board "28"]
[WhiteElo "912"]
[BlackElo "1237"]
[PlyCount "76"]
[BlackFideId "24647071"]
[EventCountry "GER"]
[EventRounds "11"]
[EventType "swiss"]
[EventDate "2004.05.29"]

1. e4 e6 2. d4 d5 3. exd5 exd5 4. Nc3 Bb4 5. a3 Bxc3+ 6. bxc3 Bf5 7. Bd3 Bxd3
8. cxd3 h6 9. Nf3 Nf6 10. O-O O-O 11. Rb1 b6 12. Ne5 Nfd7 13. Qg4 f5 14. Qg3
Nxe5 15. dxe5 Kh7 16. c4 dxc4 17. dxc4 Nc6 18. Bb2 Qe7 19. e6 Rg8 20. Rbd1 Qxe6
21. Rd2 Qg6 22. Qxc7 Rac8 23. Qf4 Qg4 24. Qg3 Qxc4 25. f3 Qf7 26. Rd6 Qb3 27.
Rf2 Qb5 28. Rd7 Ne5 29. Bxe5 Qxd7 30. Qf4 b5 31. Rd2 Qc6 32. Qxf5+ Qg6 33. Qd7
Qe8 34. Qf5+ Qg6 35. Qd7 Rge8 36. Rd6 Rcd8 37. Qc7 Rxd6 38. Bxd6 Qb1+ 0-1

[Event "DEM U10/U10w 2004"]
[Site "Willingen GER"]
[Date "2004.06.02"]
[Round "7"]
[White "Schäfer, Daniela"]
[Black "Pältz, Sebastian"]
[Result "1-0"]
[Termination "normal"]
[Board "30"]
[WhiteElo "918"]
[BlackElo "1001"]
[PlyCount "43"]
[WhiteFideId "4624769"]
[BlackFideId "24648027"]
[EventCountry "GER"]
[EventRounds "11"]
[EventType "swiss"]
[EventDate "2004.05.29"]

1. e4 e5 2. Nf3 Nc6 3. d4 exd4 4. Nxd4 Bc5 5. Be3 Qf6 6. Nb5 Bxe3 7. fxe3 Qh4+
8. Kd2 Qd8 9. N1c3 Nf6 10. Bd3 d6 11. h3 O-O 12. Qe2 a6 13. Nd4 Re8 14. Rad1 d5
15. exd5 Nxd5 16. Nxd5 Nxd4 17. Qf2 Nxc2 18. Kxc2 Qxd5 19. Bxh7+ Kxh7 20. Rxd5
Be6 21. Qh4+ Kg8 22. Rh5 1-0

[Event "DEM U10/U10w 2004"]
[Site "Willingen GER"]
[Date "2004.06.02"]
[Round "7"]
[White "Dietrich, Christoph"]
[Black "Schmitt, Katrin"]
[Result "0-1"]
[Termination "normal"]
[Board "31"]
[WhiteElo "815"]
[BlackElo "995"]
[PlyCount "82"]
[BlackFideId "24654400"]
[EventCountry "GER"]
[EventRounds "11"]
[EventType "swiss"]
[EventDate "2004.05.29"]

1. e4 e5 2. Nf3 Nc6 3. d4 exd4 4. Bc4 Be7 5. c3 dxc3 6. Qd5 Nh6 7. Bxh6 O-O 8.
Nxc3 gxh6 9. O-O d6 10. Rfe1 Nb4 11. Qd2 Bg4 12. Qd1 Bg5 13. Be2 Be6 14. a3 Nc6
15. Nxg5 hxg5 16. Bg4 Qd7 17. Bxe6 Qxe6 18. Nd5 Qc8 19. Rc1 Kh8 20. Qh5 f6 21.
f4 gxf4 22. Nxf4 Rg8 23. Qh6 Qd8 24. Nh5 Rg6 25. Qf4 Qe7 26. Rf1 Rf8 27. Ng3
Ne5 28. Qe3 a6 29. Qa7 c6 30. Nf5 Qd7 31. Rfd1 Nf7 32. Rxc6 Qxc6 33. Ne7 Qxe4
34. Nxg6+ hxg6 35. Rf1 Ne5 36. h3 d5 37. Qxb7 Qd3 38. Qe7 Rf7 39. Qd8+ Kg7 40.
Qe8 Qd4+ 41. Rf2 Nd3 0-1

[Event "DEM U10/U10w 2004"]
[Site "Willingen GER"]
[Date "2004.06.02"]
[Round "7"]
[White "Albrecht, Michele"]
[Black "Voggenreiter, Sara"]
[Result "1/2-1/2"]
[Termination "normal"]
[Board "33"]
[WhiteElo "922"]
[BlackElo "1150"]
[PlyCount "61"]
[BlackFideId "24615358"]
[EventCountry "GER"]
[EventRounds "11"]
[EventType "swiss"]
[EventDate "2004.05.29"]

1. e4 e5 2. Nf3 Nc6 3. Nc3 Nf6 4. Bb5 d6 5. O-O Be7 6. d3 O-O 7. Bg5 Bg4 8.
Bxf6 Bxf6 9. h3 Bh5 10. Bxc6 bxc6 11. a4 d5 12. exd5 cxd5 13. Qd2 Bxf3 14. gxf3
Re8 15. Rfe1 Qd7 16. Kg2 Bh4 17. f4 Qd6 18. Nb5 Qg6+ 19. Kf1 Rac8 20. Nxa7 Ra8
21. Nc6 e4 22. Ne5 Qf5 23. Qe3 h6 24. dxe4 dxe4 25. Qxe4 Qxh3+ 26. Qg2 Qxg2+
27. Kxg2 Ra6 28. Kf3 Rea8 29. b3 Re8 30. Rad1 Rae6 31. Rd5 1/2-1/2

[Event "DEM U10/U10w 2004"]
[Site "Willingen GER"]
[Date "2004.06.02"]
[Round "7"]
[White "Falke, Johannes"]
[Black "Rührmund, Daniel"]
[Result "0-1"]
[Termination "normal"]
[Board "34"]
[WhiteElo "761"]
[BlackElo "1122"]
[PlyCount "42"]
[BlackFideId "24674583"]
[EventCountry "GER"]
[EventRounds "11"]
[EventType "swiss"]
[EventDate "2004.05.29"]

1. e4 e5 2. Nf3 Nc6 3. Bc4 Nf6 4. d3 Bc5 5. Nc3 d6 6. Bg5 Be6 7. Nd5 Bxd5 8.
Bxd5 O-O 9. Bxc6 bxc6 10. O-O Rb8 11. Rb1 Qe8 12. Bxf6 gxf6 13. Nh4 Kh8 14. Nf5
Rg8 15. Qc1 Rg5 16. h4 Rg6 17. g3 Qg8 18. Ne7 Rxg3+ 19. Kh2 Qg4 20. Ng6+ fxg6
21. f3 Qh3# 0-1

[Event "DEM U10/U10w 2004"]
[Site "Willingen GER"]
[Date "2004.06.03"]
[Round "8"]
[White "Boos, Philipp"]
[Black "Orhan, Eda"]
[Result "1-0"]
[Termination "normal"]
[Board "3"]
[WhiteElo "1442"]
[BlackElo "1312"]
[PlyCount "81"]
[BlackFideId "24659258"]
[EventCountry "GER"]
[EventRounds "11"]
[EventType "swiss"]
[EventDate "2004.05.29"]

1. d4 d5 2. c4 e5 3. dxe5 d4 4. Nf3 Nc6 5. a3 Bg4 6. Bf4 Qd7 7. g3 O-O-O 8. Bg2
Qe6 9. Ng5 Qg6 10. O-O h6 11. Nf3 Qe6 12. b4 g5 13. b5 Na5 14. Qa4 Nxc4 15. Rc1
Nb6 16. Qc2 Qe7 17. Bd2 Bxf3 18. Bxf3 Qxe5 19. a4 Bd6 20. Ra2 Nd7 21. a5 Ngf6
22. b6 axb6 23. axb6 Nxb6 24. Ba5 Nfd7 25. Bxb6 Nxb6 26. Ra7 Nd5 27. Qb3 Be7
28. Qxb7+ Kd7 29. Qxd5+ Qxd5 30. Bxd5 Ke8 31. Bf3 Bd6 32. Bc6+ Ke7 33. Bg2 Rb8
34. Nd2 Rhe8 35. Nc4 Bc5 36. Rxc7+ Kf8 37. Rxc5 Rbc8 38. Nd2 Ra8 39. Bxa8 Rxa8
40. Rc8+ Rxc8 41. Rxc8+ 1-0

[Event "DEM U10/U10w 2004"]
[Site "Willingen GER"]
[Date "2004.06.03"]
[Round "8"]
[White "Lindner, Robert"]
[Black "Noe, Christopher"]
[Result "0-1"]
[Termination "normal"]
[Board "4"]
[WhiteElo "1274"]
[BlackElo "1552"]
[PlyCount "52"]
[WhiteFideId "24658847"]
[BlackFideId "24692018"]
[EventCountry "GER"]
[EventRounds "11"]
[EventType "swiss"]
[EventDate "2004.05.29"]

1. e4 c5 2. Nf3 Nc6 3. d4 cxd4 4. Nxd4 g6 5. Nc3 Bg7 6. Be3 Nf6 7. f3 O-O 8.
Qd2 d5 9. Nxc6 bxc6 10. e5 Nd7 11. e6 fxe6 12. h4 Nf6 13. Bh6 Qd6 14. O-O-O Rb8
15. a3 c5 16. Re1 Qc6 17. Be2 d4 18. Nd1 Rd8 19. g4 c4 20. h5 Ba6 21. Bxg7 c3
22. Qh6 cxb2+ 23. Nxb2 Rxb2 24. Kxb2 Qc3+ 25. Kc1 d3 26. Qd2 Qa1# 0-1

[Event "DEM U10/U10w 2004"]
[Site "Willingen GER"]
[Date "2004.06.03"]
[Round "8"]
[White "Dünzel, Jonas"]
[Black "Friedrich, Wiede"]
[Result "1/2-1/2"]
[Termination "normal"]
[Board "5"]
[WhiteElo "1433"]
[BlackElo "1436"]
[PlyCount "44"]
[WhiteFideId "24631167"]
[BlackFideId "24629537"]
[EventCountry "GER"]
[EventRounds "11"]
[EventType "swiss"]
[EventDate "2004.05.29"]

1. e4 c6 2. d4 d5 3. Nc3 Be6 4. exd5 cxd5 5. Nf3 f6 6. h3 Nc6 7. Be2 Bf7 8. Bf4
e6 9. a3 Bd6 10. Bxd6 Qxd6 11. O-O Nge7 12. Re1 O-O 13. Bd3 Kh8 14. Re3 Rg8 15.
Ne2 Ng6 16. Bxg6 Bxg6 17. Ng3 Bf7 18. Qd2 Rac8 19. b4 b5 20. c3 a5 21. Qb2 a4
22. Rae1 Nb8 1/2-1/2

[Event "DEM U10/U10w 2004"]
[Site "Willingen GER"]
[Date "2004.06.03"]
[Round "8"]
[White "Osmanodja, Filiz"]
[Black "Mertens, Fridolin"]
[Result "0-1"]
[Termination "normal"]
[Board "7"]
[WhiteElo "1219"]
[BlackElo "1449"]
[PlyCount "88"]
[WhiteFideId "24633569"]
[BlackFideId "24671940"]
[EventCountry "GER"]
[EventRounds "11"]
[EventType "swiss"]
[EventDate "2004.05.29"]

1. e4 c5 2. Nf3 d6 3. d4 cxd4 4. Nxd4 Nf6 5. Nc3 a6 6. Bg5 e6 7. f4 Be7 8. Qf3
Nbd7 9. O-O-O Qc7 10. g4 h6 11. Bh4 g5 12. fxg5 Ne5 13. Qe2 Nfxg4 14. h3 hxg5
15. Bg3 Bd7 16. Rg1 Nf6 17. Bxe5 dxe5 18. Nf3 Nh7 19. Qd3 O-O-O 20. Qe2 Kb8 21.
Qh2 f6 22. Bd3 Nf8 23. Qg2 Ng6 24. Ne2 Rc8 25. Kb1 Qb6 26. Bxa6 Qxa6 27. Rxd7
Qc6 28. Rd2 Qxe4 29. Nc3 Qb4 30. a3 Qb6 31. Ka1 Bxa3 32. Na4 Qa5 33. bxa3 Qxa4
34. Ka2 Rc3 35. Kb2 Qxa3+ 36. Kb1 Rxf3 37. Rd7 Qb4+ 38. Kc1 Ra3 39. Kd1 Ra1+
40. Ke2 Rxg1 41. Qxg1 Qb5+ 42. Rd3 e4 43. Qg3+ Nf4+ 44. Kd2 exd3 0-1

[Event "DEM U10/U10w 2004"]
[Site "Willingen GER"]
[Date "2004.06.03"]
[Round "8"]
[White "Zimmermann, Gordon"]
[Black "Bräuer, Franz"]
[Result "1/2-1/2"]
[Termination "normal"]
[Board "8"]
[WhiteElo "1562"]
[BlackElo "1357"]
[PlyCount "48"]
[WhiteFideId "24624330"]
[BlackFideId "24634468"]
[EventCountry "GER"]
[EventRounds "11"]
[EventType "swiss"]
[EventDate "2004.05.29"]

1. e4 e5 2. Nf3 Nc6 3. Bc4 Nf6 4. Ng5 d5 5. exd5 Nd4 6. c3 b5 7. Bf1 Nxd5 8.
cxd4 Qxg5 9. Bxb5+ Kd8 10. Qf3 Bb7 11. O-O Rb8 12. Qg3 Qxg3 13. hxg3 exd4 14.
Re1 Bd6 15. d3 f6 16. Nd2 c6 17. Bc4 Nb6 18. Bb3 Re8 19. Rxe8+ Kxe8 20. Ne4 Rd8
21. Nxd6+ Rxd6 22. Bf4 Rd8 23. Re1+ Kf8 24. Be6 Nd5 1/2-1/2

[Event "DEM U10/U10w 2004"]
[Site "Willingen GER"]
[Date "2004.06.03"]
[Round "8"]
[White "Ma, Beini"]
[Black "Kotainy, Jens"]
[Result "1/2-1/2"]
[Termination "normal"]
[Board "9"]
[WhiteElo "1312"]
[BlackElo "1492"]
[PlyCount "67"]
[WhiteFideId "24630101"]
[BlackFideId "24670499"]
[EventCountry "GER"]
[EventRounds "11"]
[EventType "swiss"]
[EventDate "2004.05.29"]

1. c4 e5 2. Nc3 Nc6 3. g3 g6 4. Bg2 Bg7 5. e3 Nge7 6. Nge2 d6 7. d4 exd4 8.
Nxd4 Nxd4 9. exd4 Nc6 10. Qe2+ Qe7 11. Qxe7+ Nxe7 12. Be3 a6 13. Rd1 O-O 14.
Nd5 Nxd5 15. Bxd5 c6 16. Bg2 Bf5 17. O-O Rfe8 18. b3 Be4 19. d5 Bxg2 20. Kxg2
c5 21. Rfe1 Bc3 22. Bd2 Bxd2 23. Rxe8+ Rxe8 24. Rxd2 Kg7 25. Kf3 Kf6 26. Re2
Rxe2 27. Kxe2 Kf5 28. Kf3 h5 29. h4 f6 30. Ke3 Ke5 31. f3 f5 32. f4+ Kf6 33.
Kd3 Ke7 34. a3 1/2-1/2

[Event "DEM U10/U10w 2004"]
[Site "Willingen GER"]
[Date "2004.06.03"]
[Round "8"]
[White "Risius, Philipp"]
[Black "Babayev, Ramil"]
[Result "1-0"]
[Termination "normal"]
[Board "10"]
[WhiteElo "1264"]
[BlackElo "1382"]
[PlyCount "37"]
[WhiteFideId "24630330"]
[BlackFideId "24664243"]
[EventCountry "GER"]
[EventRounds "11"]
[EventType "swiss"]
[EventDate "2004.05.29"]

1. e4 e6 2. Nf3 d5 3. Nc3 c5 4. d4 Nc6 5. Bb5 Be7 6. Ne5 Qb6 7. Be3 Bd7 8. Nxd7
Kxd7 9. dxc5 Bxc5 10. exd5 Ke7 11. Bxc5+ Qxc5 12. dxc6 bxc6 13. Bd3 Nf6 14. O-O
Rhd8 15. Qe2 Qa5 16. Qe1 Qc7 17. Qe3 a5 18. Rfe1 Rab8 19. Rab1 1-0

[Event "DEM U10/U10w 2004"]
[Site "Willingen GER"]
[Date "2004.06.03"]
[Round "8"]
[White "Schulz, Anja"]
[Black "Rafayevych, Vilen"]
[Result "0-1"]
[Termination "normal"]
[Board "11"]
[WhiteElo "1166"]
[BlackElo "1425"]
[PlyCount "58"]
[WhiteFideId "24647845"]
[BlackFideId "24673897"]
[EventCountry "GER"]
[EventRounds "11"]
[EventType "swiss"]
[EventDate "2004.05.29"]

1. e4 c5 2. Nf3 Nc6 3. d4 cxd4 4. Nxd4 Nf6 5. Nxc6 bxc6 6. Nc3 e5 7. Bc4 Bb4 8.
f3 d5 9. exd5 cxd5 10. Bb5+ Bd7 11. Bxd7+ Qxd7 12. Bd2 Qb7 13. Rb1 O-O 14. O-O
e4 15. fxe4 dxe4 16. a3 Bc5+ 17. Kh1 Rad8 18. Qe2 Rfe8 19. Bg5 Be7 20. Qb5 Qc7
21. Bxf6 Bxf6 22. Qb3 Rb8 23. Nd5 Qe5 24. Nxf6+ gxf6 25. Qa2 Red8 26. c3 Rd2
27. Rfd1 e3 28. Re1 e2 29. a4 Qd6 0-1